000 00625nam a2200169 i 4500
001 74405
003 ES-MaACL
005 20230906172125.0
007 t|
008 040917s1972 sp ||||1| spa d
100 1 _aGonzález Guijarro, Juan.
_958694
245 1 0 _aCálculo mercantil
_b: contestaciones al programa del concurso oposición para oficiales administrativos /
_cpreparadas por Juan González Guijarro.
260 _aMadrid :
_bBanco de España, Centro de Formación y Perfeccionamiento,
_c1972.
300 _aVII, 146 p. ;
_c30 cm.
650 0 4 _aCálculo mercantil.
_910674
852 _aES-MaACL
_jC-47214
_bR.84242
999 _c74405
_d74405